El caballero de la invicta / (Registro nro. 11841)

Detalles MARC
000 -CABECERA
Longitud fija campo de control 00683nam a2200217 a 4500
003 - • IDENTIFICADOR DELl NÚMERO DE CONTROL
Identificador del número de control CO-ViMGA
005 - • FECHA Y HORA DE LA ÚLTIMA TRANSACCIÓN
Fecha y hora de la última transacción 20230915224414.0
008 - • CÓDIGOS DE INFORMACIÓN DE LONGITUD FIJA
Códigos de información de longitud fija 931209s1993 ck r 00011dspa d
020 ## - • NÚMERO INTERNACIONAL NORMALIZADO PARA LIBROS
Número Internacional Normalizado para Libros (ISBN) 9586143929
040 ## - FUENTE DE LA CATALOGACIÓN
Centro catalogador de origen CO-ViMGA
Lengua de catalogación spa
Centro transcriptor CO-ViMGA
043 ## - CÓDIGO DE ÁREA GEOGRÁFICA
Código de área geográfica s-ck---
082 04 - • NÚMERO DE LA CLASIFICACIÓN DECIMAL DEWEY
Número de clasificación (R) Co863.6
Número del ítem M67c4
Número de edición 19 ed.
100 1# - • PUNTO DE ACCESO PRINCIPAL-NOMBRE DE PERSONA
Nombre de persona Moreno-Durán, R.H.,
Fechas asociadas al nombre 1946-2005.
240 #0 - • TÍTULO UNIFORME
Título uniforme <a href="Boyacá-Bibliografía regional">Boyacá-Bibliografía regional</a>
245 13 - • TITULO PROPIAMENTE DICHO
Título El caballero de la invicta /
Mención de responsabilidad, etc. R. H. Moreno Duran.
250 ## - • MENCI&Oacute;N DE EDICI&Oacute;N
Mención de edición Editora Mireya Fonseca Leal.
300 ## - • DESCRIPCI&Oacute;N F&Iacute;SICA
Extensión 227 p. ;
Dimensiones 21 cm.
650 14 - • PUNTO DE ACCESO ADICIONAL DE MATERIA - T&Eacute;RMINO DE MATERIA
Término de materia o nombre geográfico como elemento inicial Novela colombiana.
942 ## - ENTRADA DE ELEMENTOS AGREGADOS (KOHA)
Fuente de clasificaión o esquema Dewey Decimal Classification
Koha [por defecto] tipo de item LIbro
Existencias
Perdido Fuente de clasificaci&oacute;n o esquema Estado Físico No para pr&eacute;stamo Forma de adquisición Localizaci&oacute;n permanente Localizaci&oacute;n actual Fecha adquisici&oacute;n Pr&eacute;stamos totales Signatura completa C&oacute;digo de barras Fecha &uacute;ltima consulta Fecha del precio de reemplazo Tipo de item de Koha
  Dewey Decimal Classification     Sala General Biblioteca Comunitaria - Villavicencio Biblioteca Comunitaria - Villavicencio 08/25/2017   Co863.6 M67c4 5726 08/25/2017 08/25/2017 LIbro









Instituto Departamental de Cultura del Meta - Red Departamental de Bibliotecas Públicas del Meta.